000 00666nam a22002057a 4500
005 20180706131517.0
010 _aB-219664
020 _a8188836796
035 _aB-219664
037 _bSonali Publication
082 _a945.4
245 _aTourism in mountain areas
_cRomila Chawla
260 _aNew Delhi
_bSonali Publication
_c2005
270 _a4228/1, Ansari Road, New Delhi-110002
_bNwe Delhi
_e110002
300 _a355p.
_c22cm(hb)
490 _aTourism and development series
700 _aChawla, Romila
942 _2ddc
_cEN
_h915.4
_mTOU
999 _c153502
_d153502